| 000 | 00769nam a22002055i 4500 | ||
|---|---|---|---|
| 001 | 159697 | ||
| 003 | ES-MaACL | ||
| 005 | 20230906211735.0 | ||
| 008 | 950223s1882 sp |||| | spa d | ||
| 100 | 1 |
_aMilton, John ( _d1608-1674) _981300 |
|
| 240 | 1 | 0 |
_aParadise lost. _lEspañol |
| 245 | 1 | 0 |
_aParaíso perdido / _cpoema épico de Juan Milton ; traducido en verso castellano por J. de Escoiquiz. |
| 260 |
_aMadrid : _bLuis Navarro, _c1882 ( _fImp. Central a cargo de V. Saiz) |
||
| 300 |
_a2 v. (CXVI, 289 ; 372 p.) ; _c18 cm. |
||
| 490 | 1 |
_aBiblioteca clásica ; _v50, 51 |
|
| 700 | 1 |
_aEscoiquiz, Juan de ( _d1762-1820) _947589 |
|
| 830 | 1 |
_aBiblioteca clásica ; _v50, 51 _9180370 |
|
| 852 |
_aES-MaACL _jF-13210-11 _z- Enc. tela |
||
| 999 |
_c159697 _d159697 |
||